000 00791nam a2200253Ia 4500
003 OSt
005 20221005112819.0
006 a|||||r|||| 00| 0
007 ta
008 221004b |||||||| |||| 00| 0 pan d
020 _c95
024 _a96263
037 _b72866, 31/12/2008, Arsee Publishers
_cTextual
040 _aCRL
_cCRL
_bpan
041 _2pan
_apan
082 _aO153,3N17,SI, N9
100 _aਾਦ, ਬੂਟਾ ਸਿੰਘ
245 0 _aਸਿੱਖ
260 _aਦਿੱਲੀ
_bਆਰਸੀ ਭਾਰਤ
_c1999
300 _a136ਪੰ
_ccm.
650 _aਪੰਜਾਬੀ ਸਾਹਿਤ
942 _hO153,3N17,SI, N9
_cTEXL
_2cc
999 _c1026061
_d1026061